000 00441nam a2200181Ia 4500
008 170918s9999 xx 000 0 und d
020 _a39562892X
050 _bW938no 1993
100 _aWozencraft, Kim
245 _aNotes from the country club /
245 _cby Kim Wozencraft.
260 _aNew York :
260 _bHoughton Mifflin,
260 _c1993
300 _a205 pages :
300 _billustrations ;
300 _c21cm.
999 _c343653
_d343653